000 00511nam a2200205Ia 4500
003 GCL
008 140319s9999 xx 000 0 eng d
040 _aGCL /
_cGCL
082 0 4 _a821
_bM P
100 1 _aMOSKOF, KOSTIS
245 1 0 _aPOEMS OF LOVE AND REVOLUTION /
_cMOSKOF, KOSTIS
260 _a[S.N] :
_bATLAS PRESS ،
_c1994
300 _a39 P
650 0 4 _aENGLISH POETRY
650 0 4 _aENGLISH LITERATURE
650 0 4 _aLITERATURE
650 0 4 _aPOETRY
650 0 4 _aENGLISH POEMS
942 _2ddc
_cBK
999 _c15397
_d15397